| 000 | 00000nam##2200000za#4500 |
| 001 | 9.589674 |
| 003 | CaOODSP |
| 005 | 20210624195748 |
| 007 | cr ||||||||||| |
| 008 | 150406|2002||||xxc|||||o f|0| 0 fre|d |
| 040 | |aCaOODSP|bfre |
| 041 | |aeng |
| 041 | |afre |
| 043 | |an-cn--- |
| 086 | 1 |aSP2-1/8-2002-PDF |
| 110 | 1 |aCanada. |bImprimeur de la Reine. |
| 245 | 10|aCirconscriptions électorales - propositions pour la province de l'Île-du-Prince-Édouard (Erratum) |h[ressource électronique] |
| 260 | |bImprimeur de la Reine |cLe 10 août 2002. |
| 300 | |a4p. |
| 490 | 1 |aGazette du Canada, Partie I. Supplément |
| 520 | 3 |a« Avis est par les présentes donné qu’une erreur s’est glissée dans le troisième paragraphe de la Partie I du supplément intitulé « Circonscriptions électorales, Propositions pour la province de l'Île-du-Prince-Édouard » dans la Partie I de la « Gazette du Canada » vol. 136, no 32, en date du samedi 10 août 2002. Par conséquent, la Partie I du supplément est republiée en entier. »--p.2 de 4. |
| 590 | |a13-26-Supp|b2013-11-04 |
| 691 | 07|aCirconscription électorale|2gcpds |
| 791 | |tElectoral districts - proposals for the Province of Prince Edward Island (Erratum) |eeng|w(CaOODSP)9.589673 |
| 830 | #0|aGazette du Canada, partie I. Supplément.|w(CaOODSP)9.500176 |
| 856 | 40|ahttp://publications.gc.ca|qPDF|s186 Ko|uhttps://publications.gc.ca/collections/collection_2013/gazette/SP2-1-8-2002.pdf |